000 00929cam a2200289 a 4500
001 000004011
003 DO-SdBPM
005 20250724130755.0
007 ta
008 751021s1994 sp 000 f spa
020 _a8478881557
040 _aDO-SdBPM
_bspa
_cBPMSU
_drda
082 4 _a813.5
_bS544u 1994
_222
100 1 _aSheldon, Sidney
245 1 0 _aUn extraño en el espejo /
_cSidney Sheldon ; traductor, Elisa López Bullrich y María José Sobejano.
264 _aBarcelona :
_bTop Emecé,
_c1995.
300 _a347 páginas ;
_c18 cm.
336 _atexto
_btxt
_2rdacontent
337 _asin mediación
_bn
_2rdamedia
338 _avolumen
_bnc
_2rdacarrier
534 _pTítulo original:
_tA stranger in the mirror
590 _aInventariado, 2025/VM
650 7 _aNovela Juvenil estadounidense
700 1 _aLópez de Bullrich
_etraducción
910 _aVMateo V. Control de calidad. BPMSU
942 _2ddc
_cBK
999 _c15264
_d15264